Paris et ses batiments - Statistiques

Statistiques générales
  • Ce quiz a été pris 121 fois
  • Le résultat moyen est 10 sur 20
Statistiques - réponses
Questions Réponses % Correct
Comment s'appelle la résidence du Président de la République ? le Palais de l'Élysée
100%
Où sont enterrés Jean Moulin et Emile Zola ? le Panthéon
71%
Quel est le plus haut batiment de Paris ? la Tour Montparnasse
68%
Quel batiment abrite l'Opéra de Paris ? le Palais Garnier
63%
Dans quel "monument" parisien doit on descendre plutot que monter pour le visiter ? les Catacombes
63%
Quel ensemble se trouve en face de la Tour Eiffel, de l'autre coté de la Seine ? le Trocadéro
63%
Quel batiment abrite le Musée des Armées? l'Hotel des Invalides
63%
Quel batiment abrite l'Assemblée Nationale ? le Palais Bourbon
60%
Quelle est la plus haute église de Paris ? la Basilique du Sacré-Cœur de Montmartre
58%
Comment s'appelait l'Accor Arena jusqu'en 2016 ? Le Palais Omnisport de Paris Bercy
53%
Quel batiment abrite le Sénat ? le Palais du Luxembourg
52%
Dans quel jardin parisien se trouve le Museum d'Histoire Naturelle ? le Jardin des Plantes
43%
Comment s'appelle cette ancienne prison sur les quais . Prison où Marie-Antoinette fini ses jours ? la Conciergerie
42%
Quel est le plus grand Hopital parisien ? l'Hôpital de la Pitié-Salpêtrière
38%
Comment s'appelle la dernière prison de Paris ? la prison de la Santé
35%
Comment est surnommé le Centre national d'art et de culture Georges-Pompidou par les parisiens ? Beaubourg
32%
Et de l'autre coté, derrière le Champs de Mars ? l'École Militaire
26%
Au coeur de quel ensemble se trouve la Sainte Chapelle ? le Palais de Justice
23%
Comment s'appelle ce batiment moderne (1963) et circulaire, siège de feue l'ORTF ? la Maison de la Radio et de la Musique
21%
Quel batiment abrite la Bourse de Paris ? le Palais Brongniart
7%
Aucun quiz correspondant
Distribution des résultats
% des personnes avec chaque résultat
Percentile par nombre de réponses
Votre historique - résultats
Vous n’avez pas pris ce quiz